01001nam a2200169 a 450000100100000000500170001000800410002704000260006808200150009424501230010926000530023230000430028595201830032895201890051195201140070099900170081400003110620200930062717.0110613s1933 dr c 000 0 spa d aDO-SdBNPbspacBNPPHU axxxxbxxxx00aReport of the twenty-sixth fiscal period dominican customs receivership :btogether with summary of commerce for 1932. awashington :bGovernment Printing Office,c1933. a1 v. con varias paginaciones ;c23 cm. 001050718RVaPDbPDcCTd2011-06-13iLF1l0oxxxx xxxxp31106-10r2020-06-25w2020-06-25y1zPerteneció a la biblioteca personal de Carlos Larrazábal Blanco.ZNo se presta 001050718RVaPDbPDcCTd2011-06-13iLF1l0oxxxx xxxxp31106-20r2020-06-25te. 2w2020-06-25y1zPerteneció a la biblioteca personal de Carlos Larrazábal Blanco.ZNo se presta 00107-18PDaPDbPDcOId2011-06-13iLF1l0oxxxx xxxxp31107-10r2020-06-25w2020-06-25yLFPDZNo se presta c30598d30598